| 000 | 00769nam a2200277Ia 4500 | ||
|---|---|---|---|
| 008 | 170203s9999 xx 000 0 und d | ||
| 020 | _a0-721410332 | ||
| 050 | _aFIc | ||
| 050 | _bW231 | ||
| 245 | _aBasil the great mouse detective / | ||
| 245 | _cWalt Disney Productions. | ||
| 260 | _aLoughborough : | ||
| 260 | _bLadybird, | ||
| 260 | _c©1987. | ||
| 300 | _a42 pages : | ||
| 300 | _bcolor illustrations ; | ||
| 300 | _c18 cm. | ||
| 440 | _aDisney series, | ||
| 440 | _vno. 845 | ||
| 500 | _aAt head of title: Walt Disney. | ||
| 650 | _achildren's fiction. | ||
| 650 | _aMice -- Detectives -- | ||
| 650 | _aSherlock Holmes -- Adaptations -- | ||
| 650 | _xchildren's fiction. | ||
| 650 | _xChildren's stories in English, 1945- - Texts | ||
| 999 |
_c306413 _d306413 |
||